Ghana export performance of the non-traditional products.

Bibliographic Details
Format: Book
Published: Accara: Ghana Export Promotion Council, 1995.
Subjects:
LEADER 00470cam a2200157 7i4500
001 0000006317
005 19991025090000.0
002 ##000007998
020 0 0 |a T000006136  
090 0 0 |a GHAN 382.6   |b GHA 
245 0 0 |a Ghana export performance of the non-traditional products. 
260 0 0 |a Accara:   |b Ghana Export Promotion Council,   |c 1995. 
300 0 0 |a 21 p.. 
650 0 0 |a Export performance --   |z Ghana  
651 0 0 |a Ghana  
999 |a 0000008358  |b Book  |c Open shelf  |e Business Information Centre